Normal view
MARC view
- جرد، كريم عبد الزهرة
Entry Personal Name
001 - CONTROL NUMBER
- control field: 66797
003 - CONTROL NUMBER IDENTIFIER
- control field: JO-AjAnu
005 - DATE AND TIME OF LATEST TRANSACTION
- control field: 20251012145349.0
008 - FIXED-LENGTH DATA ELEMENTS
- fixed length control field: 251012|| aca||aabn | a|a d
040 ## - CATALOGING SOURCE
- Original cataloging agency: JO-AjAnu
100 ## - HEADING--PERSONAL NAME
- Personal name: جرد، كريم عبد الزهرة
- Relator term: مؤلف